01772cam a22003978i 450000100090000000300040000900500170001300800410003001000170007102000390008802000380012702000270016502000300019204000320022204200080025405000260026208200190028810000390030724500970034626300090044326400650045230000130051733600210053033700250055133800230057650000200059950503940061960000400101365000340105365000200108765100270110790600450113494200440117995201340122399900170135718344708OSt20231204133729.0141022s2015 ilu b 001 0 eng c a 2014041928 a9780226100449 (cloth : alk. paper) a9780226100456 (pbk. : alk. paper) z9780226240244 (e-book) a9780252039553 (hardcover) aICU/DLCbengcICUerdadDLC apcc00aDS435.7.S26bC53 201500a907.202bCHA/C1 aChakrabarty, Dipesheauthor.9999714aThe calling of history :bSir Jadunath Sarkar and his empire of truth /cDipesh Chakrabarty. a1111 1aChicago ;aLondon :bThe University of Chicago Press,c2015. a304pages atext2rdacontent aunmediated2rdamedia avolume2rdacarrier aIncludes index.0 aThe popular origins of academic history -- Debating research -- Hunters and gatherers of historical documents -- The politics of "unquestionable" facts -- The statesman as hero : imperial aesthetics of political history -- Between providence and character: the historian himself -- Archiving the nation : Sarkar's fall from grace -- The author and the historian : a conversational reverie.10aSarkar, Jadunath,cSir,d1870-1958. 0aHistorianszIndiavBiography. 0aHistoriography. 0aIndiaxHistoriography. a0bvipcorignewd1eecipf20gy-gencatlg 2ddccBKh907.202iCHA/Ck907.202mCHA/C 00102ddc40708HISTORYaMESbMEScHISd2023-12-04l0o907.202 CHA/Cp44049r2023-12-04 13:38:12v595.00w2023-12-04yBKzGL42R3 c43867d43867